<?xml version="1.0" encoding="UTF-8"?>
<collection xmlns="http://www.loc.gov/MARC21/slim">
 <record>
  <leader>03185nam a2200277 a 4500</leader>
  <controlfield tag="001">1/45283</controlfield>
  <controlfield tag="008">140822s2006    us            001 0 eng  </controlfield>
  <datafield tag="020" ind1=" " ind2=" ">
   <subfield code="a">9781597490320</subfield>
  </datafield>
  <datafield tag="020" ind1=" " ind2=" ">
   <subfield code="a">1597490326</subfield>
  </datafield>
  <datafield tag="035" ind1=" " ind2=" ">
   <subfield code="l">48243</subfield>
  </datafield>
  <datafield tag="040" ind1=" " ind2=" ">
   <subfield code="a">OPELS</subfield>
   <subfield code="b">eng</subfield>
   <subfield code="c">OPELS</subfield>
   <subfield code="d">HVC</subfield>
   <subfield code="d">OCLCQ</subfield>
   <subfield code="d">OCLCF</subfield>
   <subfield code="d">GR-PeUP</subfield>
  </datafield>
  <datafield tag="100" ind1="1" ind2=" ">
   <subfield code="a">Gough, Michael,</subfield>
   <subfield code="d">1963-</subfield>
  </datafield>
  <datafield tag="245" ind1="1" ind2="0">
   <subfield code="a">Skype me!</subfield>
   <subfield code="h">[electronic resource] :</subfield>
   <subfield code="b">from single user to small enterprise and beyond /</subfield>
   <subfield code="c">Michael Gough ... [et al.] ; foreword by Bill Campbell.</subfield>
  </datafield>
  <datafield tag="260" ind1=" " ind2=" ">
   <subfield code="a">Rockland, Mass. :</subfield>
   <subfield code="b">Syngress,</subfield>
   <subfield code="c">2006.</subfield>
  </datafield>
  <datafield tag="300" ind1=" " ind2=" ">
   <subfield code="a">1 online resource (xxx, 416 p.) :</subfield>
   <subfield code="b">ill.</subfield>
  </datafield>
  <datafield tag="520" ind1=" " ind2=" ">
   <subfield code="a">This book is divided into four parts. Part I begins with several chapters on the basics of Skype. Here the reader learns how to install and configure Skype on several platforms including Windows, Max OSX, Linux, and PocketPC. The reader will also learn how to begin making voice over IP calls immediately. Part II deals with the more advanced features of Skype. Here the reader learns how to use Skype on new Skype Ready cell phones, use Skype for more advanced, business-oriented tasks such as scheduling and file transfers, as well as using SkypeOut. Part III discusses how to integrate Skype with third party networking, communication, and security devices such as routers, firewalls, and mail servers, as well as using the brand new Skype for Business. Part IV covers the Skype Application Programming Interface, Plug-ins, Add-ons, and third party tools. Here the reader learns to develop and customize their own applications using the new, powerful, Skype API. * Skype has over 70,000,0000 users worldwide, and 13 forums with over 25,000 members * Skype's Application Programming Interface (API) allows users to develop their own applications and customize Skype with the information found in this book * Makrus Daehne is one of the most recognized and respected authorities on Skype and he is the forum moderator on the Skype Web site.</subfield>
  </datafield>
  <datafield tag="505" ind1="0" ind2=" ">
   <subfield code="a">PART 1: SKYPE BASICS -- 1. What is Skype? -- 2: Installing (Windows, MacOS, Linux, PocketPC) -- 3: Configuration (Windows, MacOS, Linux, PocketPC) -- 4: Usage PART II: SKYPE FOR ADVACED USERS -- 5: Manual Configuration -- 6: Special Settings -- 7: Technical Background -- 8: Future Development -- 9: Skype goes Mobile Part III: Additional Hardware 10: Hardware Overview -- 11: General (Primary) Hardware -- 12: External Hardware -- 13: Hardware Systems and Converters -- 14: Special Hardware Drivers PART IV: PLUGINS, ADDONS AND 3rd PARTY TOOLS -- 15: Overview -- 16: Answering Machine -- 17: Camera Add-on -- 18: Whiteboard Tools -- 19: Messenger Integration -- 20: Outlook Integration Appendixes: ERROR DATABASE 21: Error Codes -- 22: Error FAQ -- 23: General Problems with Networks.</subfield>
  </datafield>
  <datafield tag="500" ind1=" " ind2=" ">
   <subfield code="a">Includes index.</subfield>
  </datafield>
  <datafield tag="630" ind1="0" ind2="0">
   <subfield code="a">Skype (Electronic resource)</subfield>
  </datafield>
  <datafield tag="650" ind1=" " ind2="4">
   <subfield code="a">Internet telephony.</subfield>
  </datafield>
  <datafield tag="650" ind1=" " ind2="4">
   <subfield code="a">Internetworking (Telecommunication)</subfield>
  </datafield>
  <datafield tag="655" ind1=" " ind2="4">
   <subfield code="a">Electronic books.</subfield>
  </datafield>
  <datafield tag="852" ind1=" " ind2=" ">
   <subfield code="a">INST</subfield>
   <subfield code="b">UNIPILB</subfield>
   <subfield code="c">EBOOKS</subfield>
   <subfield code="e">20140822</subfield>
   <subfield code="p">00b48243</subfield>
   <subfield code="q">00b48243</subfield>
   <subfield code="t">ONLINE</subfield>
   <subfield code="y">0</subfield>
  </datafield>
  <datafield tag="856" ind1="4" ind2="0">
   <subfield code="3">ScienceDirect</subfield>
   <subfield code="u">http://www.sciencedirect.com/science/book/9781597490320</subfield>
  </datafield>
  <datafield tag="856" ind1="4" ind2=" ">
   <subfield code="d">/webopac/covers/03/48243_9781597490320.jpg</subfield>
  </datafield>
  <datafield tag="856" ind1="4" ind2=" ">
   <subfield code="d">/webopac/covers/03/48243_1597490326.jpg</subfield>
  </datafield>
 </record>
</collection>
